MARC

LEADER 00000nam a22000007a 4500
001 29314
003 AGDB
005 20260324181546.0
008 260203b spa||||| |||| 00| 0 cat d
017 |a B 18803-2025 
040 |a agdb  |b cat 
245 |a Escenari secret :   |b Alella 4/10/2025 
260 |a Barcelona :   |b Diputació de Barcelona,  |c 2025 
300 |a 1 díptic ;   |b il. col. ;   |c 21 x 10 cm 
650 0 |2 Arxiu  |a Espectacles i passatemps   |z Alella (Catalunya) 
650 0 |a Música  |2 Arxiu  |z Alella (Catalunya)  |9 20160 
650 0 |a Dansa   |2 Arxiu  |z Alella (Catalunya)  |9 42791 
655 0 |a Fulletons  |9 55858 
710 1 |9 52669  |a Barcelona (Catalunya : Província).  |b Oficina de Difusió Artística 
710 1 |a Alella (Catalunya).  |b Ajuntament  |9 55104 
942 |2 udc  |c ARXIU  |n 1 
952 |0 0  |1 0  |2 udc  |4 0  |6 FU793  |7 1  |9 99062  |a Arxiu  |b Arxiu  |d 2026-02-03  |l 0  |o FU-79-3  |p 29314  |r 2026-02-03 12:55:32  |w 2026-02-03  |y ARXIU 
999 |c 130716  |d 130716